000 01203nam a22003497a 4500
003 CHAP
005 20220329140047.0
008 971013s1970 r 00010 d
010 _a46393
011 _a47365
035 _a51507
040 _cCHAP
090 _aTesis
100 0 0 _aPérez García, Ponciano.
_989681
245 _aInfluencia de sulfato ferroso (FeSO4) en el control de clorosis de la soya (Glycine max L.) en la región de Río Bravo, Tamps.
260 _aMonterrey, N.L. :
_bEl autor,
_c1970
300 _a33 h.
502 _aTesis (Ing. Agrónomo) -- Univ. de Nuevo León. Fac. de Agronomía
590 _aALEPH
_b10
_c20130110
_lUCH01
_h1316
590 _aBATCH-UPD
_b10
_c20130110
_lUCH01
_h0020
590 _aBATCH-UPD
_b10
_c20130110
_lUCH01
_h1755
590 _aBATCH-UPD
_b10
_c20130409
_lUCH01
_h1959
590 _aBATCH-UPD
_b10
_c20130914
_lUCH01
_h0950
590 _aCONVERSION
_b10
_c20130109
_lUCH01
_h1325
650 1 4 _aClorosis.
_923902
650 1 4 _aFierro en nutrición vegetal.
_940769
650 1 4 _aPlantas
_xDeficiencias nutritivas.
_988812
650 1 4 _aSoya
_xEnfermedades.
_9109044
901 _aBK
942 _cTESIS
949 _bBC
_cTES
_d-115164
_eTS1
_i51507
_si
999 _c46393
_d46393